Taller de manualidades

Saved in:
Bibliografiske detaljer
Main Authors: Magria, Teresa (autora), Chavarria, Joaquim (Author)
Format: Bog
Sprog:spansk
Udgivet: Bogotá Norma 1993
Serier:Arcilla, papel y cartón, pintar y decorar
Fag:
Tags: Tilføj Tag
Ingen Tags, Vær først til at tagge denne postø!

MARC

LEADER 00000nam a2200000 a 4500
001 UCH6764
003 CL-VaPUC
008 091109e19930000ck |||||||||||||||||spa|d
020 |a 9580424004 
082 0 4 |a 745.5  |b MAG  |2 21 
100 |a Magria, Teresa  |e autora  |9 543349 
700 0 |a Chavarria, Joaquim  |e author  |9 543350 
245 1 0 |a Taller de manualidades 
300 |a 143 p 
942 |c BK 
945 |d 20091109 00:00:00  |a ccalabra 
260 |a Bogotá  |b Norma  |c 1993 
650 7 |a CREATIDAD  |2 CL-VaPUC  |9 543351 
650 0 |a Aptitud creadora  |9 307292 
650 7 |a HABILIDAD  |2 CL-VaPUC  |9 543352 
650 0 |a Desarrollo motor   |9 313002 
650 0 |a Artes manuales  |9 358103 
650 7 |a TECNICAS MANUALES  |2 CL-VaPUC  |9 357145 
650 0 |a Educación  |9 258661 
650 7 |a DECORACION  |2 CL-VaPUC  |9 358110 
583 |a last modification  |c 20171128 02:40:13  |k Rodrigo Vera 
490 0 |a Arcilla, papel y cartón, pintar y decorar 
999 |c 337590  |d 337588